Canadian National Parks - Sudden Death - Statistics

General Stats
  • This quiz has been taken 34 times
  • The average score is 10 of 15
Answers on the Grid
Answers color-coded by a green-red scale on the quiz's grid according to % correct below.
Banff
Jasper
Glacier
Gros Morne
Torngat Mountains
Pacific Rim
Point Pelee
Kluane
Prince Albert
Elk Island
Cape Breton Highlands
Nahanni
Gwaii Haanas
Sable Island
Grasslands
James Bay
Whistler
Edmonton
Anticosti Island
Niagara Falls
Ottawa Rapids
Saskatchewan River
Canadian Rockies
Baffin Island
Avalon
 
Answer Stats
Answer % Correct
Jasper
100%
Banff
89%
Glacier
89%
Cape Breton Highlands
67%
Gros Morne
67%
Pacific Rim
67%
Point Pelee
67%
Elk Island
56%
Grasslands
56%
Gwaii Haanas
56%
Kluane
56%
Nahanni
56%
Sable Island
56%
Torngat Mountains
56%
Prince Albert
33%
No matching quizzes found
Score Distribution
Percent of People with Each Score
Percentile by Number Answered
Your Score History
You have not taken this quiz